000 00524nam a2200205Ia 4500
008 180523s9999 xx 000 0 und d
020 _a81-8061-204-X
050 _aMAIN QP 514.2
050 _b.C43 2004 c.2
100 _aChatterjea, M.N.
245 0 _aTextbook of biochemistry /
245 0 _cM.N. Chatterjea.
250 _a2nd Edition
260 _aNew Delhi :
260 _bJaypee Brothers Medical Publishers,
260 _c2004
300 _a570 pages :
300 _c24 cm.
500 _aIncludes index.
999 _c357591
_d357591